[Event "WYCC 2018 G16"]
[Site "Halkidiki"]
[Date "2018.10.29"]
[Round "10"]
[White "Yurasova, Daria"]
[Black "De Silva, Tenara"]
[Result "1-0"]
[WhiteElo "2193"]
[BlackElo "1927"]
[Annotator "NA"]
[PlyCount "153"]
[EventDate "2018.10.20"]
[EventType "swiss"]
[EventCountry "GRE"]
[SourceTitle "playchess.com"]
[Source "ChessBase"]
[SourceQuality "1"]
[TimeControl "40/5400+30:1800+30"]

1. d4 {[%emt 0:00:00]} Nf6 {[%emt 0:00:00]} 2. Nf3 {[%emt 0:00:00]} g6 {[%emt 0:00:00]} 3. Bg5 {[%emt 0:00:00]} Bg7 {[%emt 0:00:00]} 4. c3 {[%emt 0:00:00]} O-O {[%emt 0:00:00]} 5. Nbd2 {[%emt 0:00:00]} d5 {[%emt 0:00:11]} 6. e3 {[%emt 0:00:16]} Nbd7 {[%emt 0:01:32]} 7. Bd3 {[%emt 0:00:38]} Re8 {[%emt 0:00:49]} 8. Bf4 {[%emt 0:05:33]} c5 {[%emt 0:04:15]} 9. O-O {[%emt 0:01:16]} Qb6 {[%emt 0:02:01]} 10. Qc2 {[%emt 0:02:16]} Nh5 {[%emt 0:02:08] D03: 1 d4 d5 2 Nf3 Nf6 3 Bg5, including Torre Attack with early ...d5} 11. Bg5 {[%emt 0:01:34]} e5 {[%emt 0:02:09]} 12. Nxe5 {[%emt 0:01:18]} Nxe5 {[%emt 0:00:27]} 13. dxe5 {[%emt 0:00:01]} Rxe5 {[%emt 0:01:09]} 14. Nf3 {[%emt 0:00:54]} Re8 {[%emt 0:00:28]} 15. a4 $146 {[%emt 0:03:28]} ({Predecessor:} 15. Qa4 Be6 {½-½ (28) Shaw,S (2374)-Satici,A (2449) England 2000}) 15... a6 {[%emt 0:04:14]} 16. Rfd1 {[%emt 0:03:51]} Be6 {[%emt 0:01:17]} 17. a5 {[%emt 0:03:49]} Qc6 {[%emt 0:03:14]} 18. Be2 {[%emt 0:00:36]} Nf6 {[%emt 0:03:46]} 19. Ne5 {[%emt 0:02:58]} Bf5 {[%emt 0:01:16]} 20. Qxf5 {[%emt 0:00:17]} gxf5 {[%emt 0:05:13]} 21. Nxc6 $11 {[%emt 0:00:21]} bxc6 {[%emt 0:00:05]} 22. Bd3 {[%emt 0:02:18]} Ne4 {[%emt 0:00:20]} 23. Bf4 {[%emt 0:00:34]} Be5 {[%emt 0:01:37]} 24. Bxe5 {[%emt 0:07:41]} Rxe5 {[%emt 0:00:07]} 25. f3 {[%emt 0:00:23]} Nd6 {[%emt 0:00:45]} 26. Kf2 {[%emt 0:02:44]} c4 {[%emt 0:03:33]} 27. Bc2 {[%emt 0:00:04]} Rb8 {[%emt 0:00:45]} 28. Rdb1 {[%emt 0:08:34]} Kg7 {[%emt 0:05:34]} 29. Ba4 {[%emt 0:05:45]} Nb5 {[%emt 0:00:49]} 30. Re1 {[%emt 0:01:57]} Re7 {[%emt 0:04:34]} 31. Rad1 {[%emt 0:01:11]} Kf6 {[%emt 0:05:06]} 32. Rd2 {[%emt 0:10:28]} Ke5 {[%emt 0:03:24]} 33. e4 {[%emt 0:03:30]} fxe4 {[%emt 0:00:50]} 34. fxe4 {[%emt 0:00:01]} dxe4 {[%emt 0:02:02]} 35. Rxe4+ {[%emt 0:00:01]} Kxe4 {[%emt 0:02:09]} 36. Re2+ {[%emt 0:00:00]} Kd5 {[%emt 0:00:30]} 37. Rxe7 {[%emt 0:00:01]} Nd6 {[%emt 0:00:20]} 38. Re2 {[%emt 0:01:36]} Ne4+ {[%emt 0:05:36]} 39. Kf3 {[%emt 0:01:53]} Nc5 {[%emt 0:03:57]} 40. Rd2+ {[%emt 0:00:00]} Nd3 {[%emt 0:00:00]} 41. b3 {[%emt 0:02:01]} Kc5 {[%emt 0:09:56]} 42. b4+ {[%emt 0:00:58]} Kd5 {[%emt 0:07:30]} 43. Bc2 {[%emt 0:00:51]} Rb7 {[%emt 0:00:27]} 44. Bxd3 {[%emt 0:06:18]} cxd3 {[%emt 0:00:09]} 45. Rxd3+ {[%emt 0:02:48]} Kc4 {[%emt 0:00:06]} 46. Ke3 {[%emt 0:01:30]} c5 {[%emt 0:00:52]} 47. Rd6 {[%emt 0:01:53]} cxb4 {[%emt 0:03:29]} 48. cxb4 {[%emt 0:00:12]} Rxb4 {[%emt 0:00:31]} 49. Rxa6 {[%emt 0:00:13]} Rb2 {[%emt 0:02:39]} 50. Kf3 {[%emt 0:00:33]} Rb3+ {[%emt 0:01:55]} 51. Ke4 {[%emt 0:00:40]} Kc5 {[%emt 0:01:48]} 52. Ra8 {[%emt 0:01:21]} Ra3 {[%emt 0:01:12]} 53. Ra7 {[%emt 0:06:31]} Ra2 {[%emt 0:00:29]} 54. Kf3 {[%emt 0:00:43]} Ra3+ {[%emt 0:00:07]} 55. Kg4 {[%emt 0:00:21]} Ra2 {[%emt 0:00:05]} 56. Kh3 {[%emt 0:00:21]} Kd6 {[%emt 0:00:42]} 57. Rxf7 {[%emt 0:00:23]} Rxa5 {[%emt 0:00:03]} 58. Rxh7 {[%emt 0:00:10]} Ke6 {[%emt 0:00:04]} 59. Rh6+ {[%emt 0:00:16]} Kf7 {[%emt 0:00:07]} 60. Rd6 {[%emt 0:00:12]} Ra3+ {[%emt 0:00:23]} 61. g3 {[%emt 0:03:18]} Ra4 {[%emt 0:00:14]} 62. g4 {[%emt 0:00:20]} Ra2 {[%emt 0:00:10]} 63. Kg3 {[%emt 0:00:15]} Ra3+ {[%emt 0:00:03]} 64. Kh4 {[%emt 0:00:22]} Kg7 {[%emt 0:00:12]} 65. g5 Kf7 66. Kg4 Ra4+ 67. Kh5 Ra3 68. h4 Ra5 69. Kh6 Ra4 70. h5 Ra8 71. Kh7 Kf8 72. Rf6+ Ke8 73. Kg6 Ke7 74. Rf7+ Ke6 75. h6 Rg8+ 76. Rg7 Rh8 77. h7 1-0

[Event "WYCC 2018 G16"]
[Site "Halkidiki"]
[Date "2018.10.29"]
[Round "10"]
[White "Berdnyk, Mariia"]
[Black "Srdanovic, Jovana"]
[Result "1-0"]
[WhiteElo "2179"]
[BlackElo "2072"]
[Annotator "NA"]
[PlyCount "67"]
[EventDate "2018.10.20"]
[EventType "swiss"]
[EventCountry "GRE"]
[SourceTitle "playchess.com"]
[Source "ChessBase"]
[SourceQuality "1"]
[TimeControl "40/5400+30:1800+30"]

1. e4 {[%emt 0:00:00]} c5 {[%emt 0:00:00]} 2. Nf3 {[%emt 0:00:00]} e6 {[%emt 0:00:00]} 3. d4 {[%emt 0:00:00]} cxd4 {[%emt 0:00:00]} 4. Nxd4 {[%emt 0:00:00]} a6 {[%emt 0:00:07]} 5. Bd3 {[%emt 0:00:00]} Bc5 {[%emt 0:00:14]} 6. Nb3 {[%emt 0:00:00]} Be7 {[%emt 0:00:11]} 7. Qg4 {[%emt 0:00:00]} g6 {[%emt 0:00:15]} 8. Qe2 {[%emt 0:00:00]} d6 {[%emt 0:00:15] B42: Sicilian: Kan Variation: 5 Bd3} 9. O-O {[%emt 0:00:00]} Nd7 {[%emt 0:02:43]} 10. Nc3 {[%emt 0:00:09]} b6 {[%emt 0:07:10]} 11. Bd2 {[%emt 0:02:17]} Bb7 {[%emt 0:00:10]} 12. Rae1 {[%emt 0:00:13]} h5 $146 {[%emt 0:06:01]} ({Predecessor:} 12... Ngf6 13. Bh6 Bf8 14. Bxf8 Kxf8 15. f4 e5 16. Nd2 {0-1 (53) Motylev,A (2634)-Topalov,V (2735) Bastia 2003}) 13. f4 {[%emt 0:07:43]} h4 {[%emt 0:03:36]} 14. f5 {[%emt 0:13:21]} gxf5 $1 {[%emt 0:01:11]} 15. exf5 {[%emt 0:00:44]} e5 {[%emt 0:00:18]} 16. Be4 {[%emt 0:04:06]} Bxe4 {[%emt 0:00:34]} 17. Nxe4 {[%emt 0:00:57]} Ngf6 {[%emt 0:00:14]} 18. Bc3 {[%emt 0:13:56]} Qc7 {[%emt 0:04:31]} 19. Rf3 {[%emt 0:04:34]} Qc6 {[%emt 0:22:16]} 20. Nxf6+ {[%emt 0:02:07]} Bxf6 $16 {[%emt 0:00:58]} 21. Bb4 {[%emt 0:03:37]} Rg8 {[%emt 0:17:44]} 22. Rd1 {[%emt 0:04:31]} Nc5 {[%emt 0:04:27]} 23. Bxc5 {[%emt 0:01:39]} dxc5 {[%emt 0:00:39]} 24. c4 {[%emt 0:00:16]} Ke7 {[%emt 0:02:25]} 25. Rd5 {[%emt 0:03:03]} Rg5 {[%emt 0:03:21]} 26. Nd2 {[%emt 0:02:28]} Rag8 {[%emt 0:01:03]} 27. Rf2 {[%emt 0:01:07]} Rg4 {[%emt 0:01:14]} 28. Ne4 {[%emt 0:01:06]} Qc7 {[%emt 0:02:56]} 29. h3 {[%emt 0:00:59]} Rg3 {[%emt 0:03:04]} 30. Qd1 {[%emt 0:07:14]} Qc6 {[%emt 0:03:47]} 31. Re2 {[%emt 0:06:18]} R3g5 {[%emt 0:01:30]} 32. Nxg5 {[%emt 0:02:30]} Rxg5 {[%emt 0:01:32]} 33. Rd8 {[%emt 0:02:56]} e4 {[%emt 0:01:55]} 34. Rxe4+ {[%emt 0:00:02]} 1-0

[Event "WYCC 2018 G16"]
[Site "Halkidiki"]
[Date "2018.10.29"]
[Round "10"]
[White "Goltseva, Ekaterina"]
[Black "Schulze, Lara"]
[Result "0-1"]
[WhiteElo "2169"]
[BlackElo "2122"]
[Annotator "TA"]
[PlyCount "148"]
[EventDate "2018.10.20"]
[EventType "swiss"]
[EventCountry "GRE"]
[SourceTitle "playchess.com"]
[Source "ChessBase"]
[SourceQuality "1"]

{[%evp 23,148,0,0,0,20,0,-2,-33,-35,-44,-41,-45,-36,-37,-39,-36,0,-61,0,0,4,21,14,0,0,0,4,3,0,0,0,0,0,0,0,0,0,0,0,0,0,0,0,0,0,0,0,-10,0,0,0,0,0,0,95,97,157,-12,-8,-117,-104,-151,-147,-164,-173,-259,-215,-222,-261,-257,-233,-271,-268,-276,-285,-359,-187,-179,-147,-220,-175,-238,-258,-258,-260,-574,-560,-445,-578,-385,-276,-426,-419,-419,-389,-389,-284,-373,-373,-370,-339,-515,-512,-825,-434,-5202,-5441,-5455,-5441,-29971,-29972,-29971,-29972,-29965,-29973,-29971,-29972,-29987,-29988,-29989,-29990,-29990,-29991,-29991,-29992,-29995,-29995]} 1. d4 Nf6 2. c4 e6 3. Nc3 Bb4 4. e3 b6 5. Nge2 c5 6. a3 Ba5 7. Rb1 Na6 8. g3 Bb7 {E42: Nimzo-Indian: Rubinstein: 4...c5 5 Ne2} 9. d5 b5 10. Bg2 bxc4 11. O-O O-O 12. e4 exd5 {LiveBook: 27 Games} 13. exd5 d6 14. Qa4 (14. h3 Nc7 15. g4 Nd7 16. Bf4 Bxc3 17. Nxc3 {1-0 (33) Duda,J (2697)-Urkedal,F (2541) Khanty-Mansiysk 2017}) 14... Bb6 15. Qxc4 Nc7 16. Rd1 Re8 $146 {Hoping for ...Ba6.} 17. Nf4 Ba6 18. Qa4 c4 19. h3 Nd7 20. Qc2 ({Better is} 20. Ne4 $11) 20... Nc5 (20... Ne5 $15) 21. Be3 $11 Rxe3 (21... Nb3 {looks sharper.} 22. Bxb6 axb6 23. Re1 b5 24. Na2 Qf6) 22. fxe3 Nd3 23. Nxd3 cxd3 24. Rxd3 Bxd3 25. Qxd3 Qg5 26. Kh2 Qxe3 27. Qxe3 Bxe3 28. Re1 Bd4 29. Re7 Ne8 30. Rb7 Rc8 31. Nb5 Bxb2 32. Nxa7 Ra8 33. a4 Bd4 34. Nb5 Bc5 35. Nc3 f5 36. Bf1 Bd4 37. Nb5 $1 {[%cal Rb5d4]} Rxa4 38. Bd3 g6 (38... Ra2+ $11 39. Kh1 Ra1+ 40. Kg2 Ra2+ 41. Kh1 Ra1+ 42. Kg2 Ra2+ 43. Kh1) 39. Rb8 $16 {[%mdl 1024] White has strong compensation.} Kf7 {[#]} (39... Ra2+ $142 40. Kh1 Be5) 40. Rb7+ $2 (40. Bc2 $1 $16 Rc4 41. Bb3) 40... Kf8 41. Rb8 (41. Bc2 $1 $11 Rc4 42. Bd3) 41... Rb4 $17 42. Kg2 Be5 43. Ra8 {intending Nc7.} Rb3 44. Be2 (44. Bf1 {was necessary.}) 44... Rxg3+ $19 45. Kf2 {[#]} Kf7 $1 ({Stronger than} 45... Rxh3 46. Nc7 $15) 46. Ra7+ Kf6 47. Rxh7 Rb3 48. h4 Ng7 49. Rh6 Bf4 (49... f4 $142 {...Nf5 is the strong threat.} 50. Rh8 Nf5) 50. Rh8 Ke5 51. Rg8 (51. Rh7 $17 {was worth a try.} Kf6 52. Rh8) 51... Bh6 52. Rd8 (52. Nc7 $142) 52... Be3+ ({Not} 52... Kxd5 53. Rxd6+ Ke5 54. Rxg6 $11) 53. Kg2 Bc5 54. Rg8 $2 (54. Nc7 {is tougher.}) 54... Nh5 {( -> ...Nf4+)} 55. Bxh5 gxh5 {[%mdl 4096] Endgame KRB-KRN} 56. Nc7 Rb2+ 57. Kf3 (57. Kh3 $142) 57... Rf2+ 58. Kg3 f4+ 59. Kh3 Ke4 60. Re8+ Kd3 61. Ne6 Be3 62. Ng5 (62. Ng7 $142 Ke2 63. Nxh5) 62... Rf1 63. Rf8 (63. Rb8 $142 Rh1+ 64. Kg2 Rg1+ 65. Kh2) 63... Ke2 64. Ne4 (64. Ra8 $142 Rh1+ 65. Kg2 Rxh4 66. Ra2+ Kd3 67. Kf3) 64... Rh1+ 65. Kg2 Rxh4 66. Nxd6 Rg4+ {Black mates.} 67. Kh3 f3 {[%cal Bf4f3,Bf3f2][%mdl 32]} 68. Nf5 Bf4 69. Nd4+ Ke3 70. Nc2+ Kd2 71. Nd4 f2 {[%cal Rf2f1]} 72. Nf3+ Ke2 {[%cal Rf2f1]} 73. Nh2 Bxh2 74. Re8+ Kd2 {Precision: White = 43%, Black = 66%.} 0-1

[Event "WYCC 2018 G16"]
[Site "Halkidiki"]
[Date "2018.10.29"]
[Round "10"]
[White "Bach, Ngoc Thuy Duong"]
[Black "Hilario, Aleyla"]
[Result "1/2-1/2"]
[WhiteElo "2161"]
[BlackElo "2175"]
[Annotator "NA"]
[PlyCount "60"]
[EventDate "2018.10.20"]
[EventType "swiss"]
[EventCountry "GRE"]
[SourceTitle "playchess.com"]
[Source "ChessBase"]
[SourceQuality "1"]
[TimeControl "40/5400+30:1800+30"]

1. d4 {[%emt 0:00:00]} Nf6 {[%emt 0:00:05]} 2. c4 {[%emt 0:00:00]} e6 {[%emt 0:00:04]} 3. Nc3 {[%emt 0:00:00]} Bb4 {[%emt 0:01:16]} 4. Qc2 {[%emt 0:00:00]} O-O {[%emt 0:03:42]} 5. a3 {[%emt 0:00:05]} Bxc3+ {[%emt 0:03:22]} 6. Qxc3 {[%emt 0:00:07]} Ne4 {[%emt 0:00:31]} 7. Qc2 {[%emt 0:01:08]} d5 {[%emt 0:00:23]} 8. e3 {[%emt 0:04:00]} c6 {[%emt 0:07:58]} 9. Bd3 {[%emt 0:02:46]} f5 {[%emt 0:00:16]} 10. Ne2 {[%emt 0:00:53]} Qh4 {[%emt 0:11:00]} 11. O-O {[%emt 0:10:33]} Nd7 {[%emt 0:02:31]} 12. f3 {[%emt 0:03:38]} Ndf6 {[%emt 0:01:42]} 13. Nf4 {[%emt 0:08:52]} Nd6 {[%emt 0:20:50]} 14. Bd2 {[%emt 0:06:42]} dxc4 {[%emt 0:04:24]} 15. Bxc4 $16 {[%emt 0:00:09]} Nd5 {[%emt 0:02:44]} 16. Nh3 {[%emt 0:04:48]} Nxc4 {[%emt 0:05:28]} 17. Qxc4 {[%emt 0:00:35]} e5 {[%emt 0:03:32]} 18. f4 {[%emt 0:05:52]} e4 {[%emt 0:01:15]} 19. b4 {[%emt 0:02:25]} Be6 {[%emt 0:00:39]} 20. Qe2 {[%emt 0:01:35]} h6 {[%emt 0:07:50]} 21. Rfc1 {[%emt 0:14:11]} g5 {[%emt 0:01:31]} 22. Qf2 {[%emt 0:02:39]} Qh5 {[%emt 0:00:41]} 23. fxg5 {[%emt 0:08:19]} hxg5 {[%emt 0:00:11]} 24. Qg3 {[%emt 0:00:07]} g4 {[%emt 0:14:11]} 25. Nf4 {[%emt 0:00:11]} Qf7 {[%emt 0:00:42]} 26. Nxd5 {[%emt 0:00:14]} Bxd5 {[%emt 0:00:07]} 27. Qf4 {[%emt 0:02:20]} Qg6 {[%emt 0:00:23]} 28. Be1 {[%emt 0:00:16]} Rf7 {[%emt 0:00:22]} 29. Bg3 {[%emt 0:00:09]} Rd8 {[%emt 0:03:12]} 30. Rc3 {[%emt 0:01:16]} Kh7 {[%emt 0:00:35]} 1/2-1/2

[Event "WYCC 2018 G16"]
[Site "Halkidiki"]
[Date "2018.10.29"]
[Round "10"]
[White "Gomez Barrera, Javiera Belen"]
[Black "Aciu, Malina-Andreea"]
[Result "1-0"]
[WhiteElo "2136"]
[BlackElo "1976"]
[Annotator "NA"]
[PlyCount "83"]
[EventDate "2018.10.20"]
[EventType "swiss"]
[EventCountry "GRE"]
[SourceTitle "playchess.com"]
[Source "ChessBase"]
[SourceQuality "1"]
[TimeControl "40/5400+30:1800+30"]

1. e4 {[%emt 0:00:00]} c5 {[%emt 0:00:00]} 2. Nf3 {[%emt 0:00:00]} d6 {[%emt 0:00:00]} 3. d4 {[%emt 0:00:00]} cxd4 {[%emt 0:00:00]} 4. Nxd4 {[%emt 0:00:00]} Nf6 {[%emt 0:00:00]} 5. Nc3 {[%emt 0:00:00]} a6 {[%emt 0:00:00]} 6. Bg5 {[%emt 0:00:01]} Nbd7 {[%emt 0:00:00]} 7. Bc4 {[%emt 0:00:06]} h6 {[%emt 0:00:00]} 8. Bh4 {[%emt 0:01:41]} g6 {[%emt 0:00:00]} 9. O-O {[%emt 0:14:07]} Bg7 {[%emt 0:00:16]} 10. Qd2 {[%emt 0:21:28]} O-O {[%emt 0:09:26]} 11. Rad1 {[%emt 0:04:10]} Qc7 {[%emt 0:03:04]} 12. Bb3 {[%emt 0:01:30]} Rb8 {[%emt 0:21:29]} 13. Rfe1 $11 {[%emt 0:08:34]} Re8 {[%emt 0:03:50]} 14. a4 {[%emt 0:22:03]} b6 {[%emt 0:12:02]} 15. h3 {[%emt 0:12:35]} Bb7 {[%emt 0:01:18]} 16. Qe3 {[%emt 0:02:33]} Rbc8 {[%emt 0:10:09]} 17. Kh1 {[%emt 0:03:52]} Nh5 {[%emt 0:17:01]} 18. Nd5 {[%emt 0:04:20]} Bxd5 {[%emt 0:02:13]} 19. exd5 {[%emt 0:01:45]} Nc5 {[%emt 0:07:05]} 20. Nc6 {[%emt 0:00:39]} e5 {[%emt 0:02:41]} 21. dxe6 {[%emt 0:00:17]} Nxe6 {[%emt 0:06:48]} 22. Nb4 {[%emt 0:00:42]} g5 {[%emt 0:00:54]} 23. Nd5 {[%emt 0:00:32]} Qc6 {[%emt 0:00:47]} 24. Bg3 {[%emt 0:00:32]} Nef4 {[%emt 0:01:06]} 25. Qf3 {[%emt 0:00:26]} Be5 {[%emt 0:00:43]} 26. Bxf4 {[%emt 0:00:28]} Nxf4 {[%emt 0:00:12]} 27. c3 {[%emt 0:00:34]} Kg7 {[%emt 0:00:32]} 28. Re3 {[%emt 0:00:28]} f6 {[%emt 0:01:15]} 29. Rde1 {[%emt 0:00:30]} h5 {[%emt 0:01:00]} 30. Kg1 {[%emt 0:00:33]} Kh6 {[%emt 0:00:30]} 31. Qd1 {[%emt 0:00:30]} Nxd5 {[%emt 0:00:27]} 32. Bxd5 {[%emt 0:00:01]} Qd7 {[%emt 0:00:02]} 33. Qb3 {[%emt 0:00:59]} Rb8 {[%emt 0:00:48]} 34. Qc4 {[%emt 0:00:29]} b5 {[%emt 0:00:27]} 35. axb5 {[%emt 0:00:18]} axb5 {[%emt 0:00:03]} 36. Qd3 {[%emt 0:00:30]} f5 {[%emt 0:00:37]} 37. Bb3 {[%emt 0:00:25]} Qh7 {[%emt 0:01:08]} 38. Bc2 {[%emt 0:00:49]} b4 {[%emt 0:00:24]} 39. cxb4 {[%emt 0:00:29]} Rxb4 {[%emt 0:00:14]} 40. Rxe5 {[%emt 0:00:00]} dxe5 {[%emt 0:00:00]} 41. Qd6+ {[%emt 0:00:48]} Qg6 {[%emt 0:02:18]} 42. Qxb4 {[%emt 0:00:19]} 1-0

[Event "WYCC 2018 G16"]
[Site "Halkidiki"]
[Date "2018.10.29"]
[Round "10"]
[White "Ouellet, Maili-Jade"]
[Black "Jarocka, Liwia"]
[Result "1/2-1/2"]
[WhiteElo "2122"]
[BlackElo "1990"]
[Annotator "NA"]
[PlyCount "193"]
[EventDate "2018.10.20"]
[EventType "swiss"]
[EventCountry "GRE"]
[SourceTitle "playchess.com"]
[Source "ChessBase"]
[SourceQuality "1"]
[TimeControl "40/5400+30:1800+30"]

1. d4 {[%emt 0:00:00]} Nf6 {[%emt 0:00:00]} 2. c4 {[%emt 0:00:00]} e6 {[%emt 0:00:00]} 3. Nc3 {[%emt 0:00:00]} Bb4 {[%emt 0:00:00]} 4. e3 {[%emt 0:00:00]} O-O {[%emt 0:00:18]} 5. Bd3 {[%emt 0:00:00]} d5 {[%emt 0:00:55]} 6. Nf3 {[%emt 0:00:52]} c5 {[%emt 0:01:26]} 7. O-O {[%emt 0:00:16]} dxc4 {[%emt 0:01:19]} 8. Bxc4 {[%emt 0:00:11]} cxd4 {[%emt 0:00:17]} 9. exd4 {[%emt 0:00:23]} b6 {[%emt 0:00:07]} 10. Qd3 {[%emt 0:05:55]} Bb7 {[%emt 0:00:37]} 11. Bg5 {[%emt 0:01:45]} Nbd7 {[%emt 0:01:18]} 12. Rac1 {[%emt 0:05:28]} Qb8 {[%emt 0:04:09]} 13. Rfd1 {[%emt 0:30:32]} Rc8 {[%emt 0:03:04]} 14. Ba6 {[%emt 0:08:29]} Bd6 {[%emt 0:09:07]} 15. Bxb7 {[%emt 0:01:44]} Qxb7 {[%emt 0:00:07]} 16. Nb5 {[%emt 0:05:17]} Be7 {[%emt 0:02:35]} 17. Bf4 {[%emt 0:05:04]} Nd5 {[%emt 0:02:22]} 18. Bd6 {[%emt 0:03:35]} Rxc1 {[%emt 0:07:31]} 19. Rxc1 {[%emt 0:00:21]} Rc8 {[%emt 0:00:39]} 20. Qd2 {[%emt 0:09:15]} a6 {[%emt 0:06:04]} 21. Bxe7 {[%emt 0:00:51]} Nxe7 {[%emt 0:00:38]} 22. Nd6 {[%emt 0:06:03]} Rxc1+ {[%emt 0:00:12]} 23. Qxc1 {[%emt 0:00:03]} Qb8 {[%emt 0:00:15]} 24. Ne4 {[%emt 0:01:18]} h6 {[%emt 0:00:51]} 25. g3 {[%emt 0:04:43]} Qb7 {[%emt 0:01:56]} 26. Qf4 {[%emt 0:01:27]} Qb8 {[%emt 0:13:18]} 27. Qxb8+ {[%emt 0:02:42]} Nxb8 {[%emt 0:00:01]} 28. Kf1 {[%emt 0:01:33]} Nd5 {[%emt 0:00:54]} 29. Ke2 {[%emt 0:00:52]} Kf8 {[%emt 0:00:08]} 30. a3 {[%emt 0:00:14]} Ke7 {[%emt 0:00:19]} 31. Kd3 {[%emt 0:00:16]} f6 {[%emt 0:01:52]} 32. Nfd2 {[%emt 0:00:37]} Nd7 {[%emt 0:04:50]} 33. Nc4 {[%emt 0:00:25]} g5 {[%emt 0:06:07]} 34. Nc3 {[%emt 0:00:39]} Nc7 {[%emt 0:03:06]} 35. Ne3 {[%emt 0:02:24]} Kd6 {[%emt 0:03:51]} 36. Kc4 {[%emt 0:00:44]} Kc6 {[%emt 0:04:23]} 37. Nc2 {[%emt 0:00:06]} b5+ {[%emt 0:03:04]} 38. Kd3 {[%emt 0:00:06]} a5 {[%emt 0:01:10]} 39. b3 {[%emt 0:00:38]} Nb6 {[%emt 0:04:28]} 40. Ne3 {[%emt 0:00:00]} Ncd5 {[%emt 0:00:00]} 41. Ne4 {[%emt 0:06:22]} Nd7 {[%emt 0:01:27]} 42. Nxd5 {[%emt 0:02:32]} exd5 {[%emt 0:00:41]} 43. Nc3 {[%emt 0:00:52]} Nb6 {[%emt 0:00:30]} 44. Nd1 {[%emt 0:06:09]} h5 {[%emt 0:03:49]} 45. Kc3 {[%emt 0:00:43]} Nc8 {[%emt 0:00:20]} 46. f3 {[%emt 0:02:50]} Ne7 {[%emt 0:03:19]} 47. Ne3 {[%emt 0:01:15]} Kd6 {[%emt 0:00:28]} 48. Kd3 {[%emt 0:00:49]} Ke6 {[%emt 0:00:29]} 49. Nd1 {[%emt 0:01:00]} Nc8 {[%emt 0:03:58]} 50. Nc3 {[%emt 0:00:33]} Na7 {[%emt 0:00:22]} 51. Ke3 {[%emt 0:03:29]} Kd6 {[%emt 0:03:49]} 52. f4 {[%emt 0:00:30]} Ke6 {[%emt 0:00:19]} 53. h3 b4 {[%emt 0:01:04]} 54. axb4 {[%emt 0:01:52]} axb4 {[%emt 0:00:04]} 55. Na4 {[%emt 0:01:10]} Nc6 {[%emt 0:00:20]} 56. Nc5+ {[%emt 0:00:25]} Kf5 {[%emt 0:00:23]} 57. fxg5 {[%emt 0:02:26]} fxg5 {[%emt 0:00:12]} 58. Nd3 {[%emt 0:00:12]} Kf6 {[%emt 0:00:58]} 59. Nc5 {[%emt 0:01:34]} Kf5 {[%emt 0:00:35]} 60. Na6 {[%emt 0:01:04]} Kf6 {[%emt 0:01:58]} 61. Nc7 {[%emt 0:01:57]} Ne7 {[%emt 0:00:08]} 62. Kf3 {[%emt 0:00:32]} Kg6 {[%emt 0:02:42]} 63. g4 {[%emt 0:01:56]} h4 {[%emt 0:01:39]} 64. Ke3 {[%emt 0:00:47]} Kf7 {[%emt 0:00:08]} 65. Na6 {[%emt 0:00:10]} Nc6 {[%emt 0:00:12]} 66. Nc5 {[%emt 0:00:08]} Na5 {[%emt 0:00:17]} 67. Nd3 {[%emt 0:00:37]} Nc6 {[%emt 0:02:07]} 68. Ne1 {[%emt 0:00:55]} Kf6 {[%emt 0:00:24]} 69. Kd3 {[%emt 0:00:21]} Na5 {[%emt 0:00:09]} 70. Kc2 {[%emt 0:00:33]} Nc6 {[%emt 0:00:05]} 71. Nf3 {[%emt 0:00:08]} Kg6 {[%emt 0:00:55]} 72. Kd3 {[%emt 0:00:33]} Kf6 {[%emt 0:00:13]} 73. Ke3 {[%emt 0:01:03]} Kg6 {[%emt 0:01:28]} 74. Ne1 {[%emt 0:00:31]} Kf6 {[%emt 0:00:35]} 75. Nc2 {[%emt 0:00:35]} Ke6 {[%emt 0:00:13]} 76. Kd3 {[%emt 0:00:09]} Kf6 {[%emt 0:00:33]} 77. Ne3 {[%emt 0:00:16]} Ne7 {[%emt 0:00:13]} 78. Nc2 {[%emt 0:02:28]} Nc6 {[%emt 0:00:04]} 79. Ke3 {[%emt 0:00:12]} Kg6 {[%emt 0:00:36]} 80. Ne1 {[%emt 0:00:06]} Kf6 {[%emt 0:00:32]} 81. Nd3 {[%emt 0:00:19]} Ke6 {[%emt 0:00:42]} 82. Nc5+ {[%emt 0:00:11]} Kf6 {[%emt 0:00:27]} 83. Kd3 {[%emt 0:00:36]} Ke7 {[%emt 0:00:16]} 84. Na6 {[%emt 0:01:49]} Kd6 {[%emt 0:00:09]} 85. Ke3 {[%emt 0:00:13]} Kd7 {[%emt 0:00:46]} 86. Nc5+ {[%emt 0:00:18]} Ke7 {[%emt 0:00:05]} 87. Nd3 {[%emt 0:00:11]} Ke6 {[%emt 0:00:15]} 88. Ne1 {[%emt 0:00:16]} Kf6 {[%emt 0:00:14]} 89. Kd3 {[%emt 0:00:06]} Na5 {[%emt 0:00:35]} 90. Kc2 {[%emt 0:00:25]} Nc6 {[%emt 0:00:19]} 91. Nf3 {[%emt 0:00:08]} Kg6 {[%emt 0:00:12]} 92. Ne5+ {[%emt 0:00:47]} Nxe5 {[%emt 0:00:05]} 93. dxe5 {[%emt 0:00:04]} Kf7 {[%emt 0:00:04]} 94. Kd3 {[%emt 0:00:08]} Ke7 {[%emt 0:00:05]} 95. Ke3 {[%emt 0:00:06]} Kd7 {[%emt 0:00:05]} 96. Kd3 {[%emt 0:00:08]} Ke7 {[%emt 0:00:03]} 97. Ke3 {[%emt 0:01:08]} 1/2-1/2

[Event "WYCC 2018 G16"]
[Site "Halkidiki"]
[Date "2018.10.29"]
[Round "10"]
[White "Palma, Maria"]
[Black "Kalyva, Kyriaki"]
[Result "1-0"]
[WhiteElo "2106"]
[BlackElo "1779"]
[Annotator "NA"]
[PlyCount "59"]
[EventDate "2018.10.20"]
[EventType "swiss"]
[EventCountry "GRE"]
[SourceTitle "playchess.com"]
[Source "ChessBase"]
[SourceQuality "1"]
[TimeControl "40/5400+30:1800+30"]

1. d4 {[%emt 0:00:00]} d5 {[%emt 0:00:00]} 2. c4 {[%emt 0:00:00]} c6 {[%emt 0:00:00]} 3. Nc3 {[%emt 0:00:00]} Nf6 {[%emt 0:00:00]} 4. Nf3 {[%emt 0:00:00]} e6 $11 {[%emt 0:00:00]} 5. Bg5 {[%emt 0:00:00]} dxc4 {[%emt 0:00:00]} 6. e4 {[%emt 0:00:07]} b5 {[%emt 0:00:00]} 7. e5 {[%emt 0:00:15]} h6 {[%emt 0:00:04]} 8. Bh4 {[%emt 0:00:08]} g5 {[%emt 0:00:06]} 9. Nxg5 {[%emt 0:00:16]} hxg5 {[%emt 0:00:05]} 10. Bxg5 {[%emt 0:00:08]} Nbd7 {[%emt 0:00:08]} 11. exf6 {[%emt 0:00:19]} Bb7 {[%emt 0:00:19]} 12. g3 {[%emt 0:01:02]} Qb6 {[%emt 0:00:23]} 13. Bg2 {[%emt 0:00:33]} O-O-O {[%emt 0:00:28]} 14. O-O {[%emt 0:00:54]} Bh6 {[%emt 0:01:53]} 15. Bxh6 {[%emt 0:10:03]} Rxh6 {[%emt 0:00:08]} 16. Ne4 {[%emt 0:06:31]} Nxf6 {[%emt 0:13:32]} 17. Nc5 {[%emt 0:04:19]} e5 {[%emt 0:27:01]} 18. Qc1 {[%emt 0:06:27]} Rh5 {[%emt 0:13:30]} 19. Nxb7 {[%emt 0:11:25]} Rxd4 {[%emt 0:10:21]} 20. a4 {[%emt 0:03:20]} Kxb7 {[%emt 0:01:22]} 21. axb5 {[%emt 0:10:12]} Qxb5 {[%emt 0:00:54]} 22. b3 {[%emt 0:00:47]} c3 {[%emt 0:09:22]} 23. Qxc3 {[%emt 0:02:18]} Nd5 {[%emt 0:01:27]} 24. Qf3 {[%emt 0:02:43]} Rh7 {[%emt 0:01:33]} 25. Qf5 {[%emt 0:01:23]} Rg7 {[%emt 0:00:22]} 26. Qxe5 {[%emt 0:00:41]} Rgg4 {[%emt 0:01:16]} 27. Qf5 {[%emt 0:08:26]} Nc7 {[%emt 0:05:20]} 28. Qxf7 {[%emt 0:03:08]} a6 {[%emt 0:00:31]} 29. Rfc1 {[%emt 0:02:14]} Rd6 {[%emt 0:00:47]} 30. Bf1 {[%emt 0:00:59]} 1-0